| 000 | 00657nam a2200205Ia 4500 | ||
|---|---|---|---|
| 008 | 170504s9999 xx 000 0 und d | ||
| 050 | _aT 166.L53 | ||
| 050 | _b.D332 2016 | ||
| 100 | _adela Cruz, Daryl Jim R. | ||
| 245 | _aTracer study of bachelor of science in information technology graduates of southville international school and colleges / | ||
| 245 | _cDaryl Jim R. dela Cruz. | ||
| 260 | _aLas PiƱas, Philippines : | ||
| 260 | _bSISC, | ||
| 260 | _c2016. | ||
| 300 | _a72 pages : | ||
| 300 | _billustrations ; | ||
| 300 | _c28 cm. | ||
| 500 | _aIncludes bibliographical references and appendices. | ||
| 521 | _aInformation Technology | ||
| 999 |
_c329755 _d329755 |
||